| 000 | 00520nam a22001697a 4500 | ||
|---|---|---|---|
| 003 | OSt | ||
| 005 | 20210213123643.0 | ||
| 008 | 210213b ||||| |||| 00| 0 eng d | ||
| 020 | _a9789351527886 | ||
| 040 |
_aPHNSL _cPHNSL |
||
| 100 | _aVati, Jogindra | ||
| 245 |
_aNursing foundation : _bconcepts and perspectives for post basic BSc nursing / _cJogindra Vati. |
||
| 260 |
_aNew Delhi : _bJaypee, _c2015. |
||
| 300 |
_avi, 350 p. : _bill. |
||
| 650 |
_aNursing _vFundamentals of nursing _xNursing education |
||
| 942 |
_2lcc _cBK |
||
| 999 |
_c281 _d281 |
||